00286pab a2200097 454500008004000000100002400040245006300064260000900127300001300136773003900149180718b2001 xxu||||| |||| 00| 0 eng d aCai, Shuming et al. aManagement of flood disasters in the Jianghan plain, China c2001 ap.339-48 aDisaster Prevention and Management